Πολιτική της ΕΕ για το περιβάλλον και τη βιώσιμη ανάπτυξη : ζητήματα πολιτικής και διακυβέρνησης
Saved in:
| Main Author: | |
|---|---|
| Format: | Book |
| Language: | Greek |
| Published: |
Αθήνα :
Σιδέρης,
2020.
|
| Edition: | 2η αναθ. & συμπληρωμένη έκδ. |
| Subjects: | |
| Tags: |
Add Tag
No Tags, Be the first to tag this record!
|
MARC
| LEADER | 00000cam a2200000 a 4500 | ||
|---|---|---|---|
| 001 | 1/124235 | ||
| 008 | 220125t2020####gr | | ||| |||| ||gre|| | ||
| 020 | |a 9789600808643 |q (χαρτόδετο) | ||
| 040 | |a GR-MyUa |b gre |c GR-MyUa |e AACR2 | ||
| 041 | 0 | |a gre | |
| 082 | 7 | |a 363.70094 |2 (23) | |
| 100 | 1 | |a Πλατιάς, Χαράλαμπος, |e aut | |
| 245 | 1 | 9 | |a Πολιτική της ΕΕ για το περιβάλλον και τη βιώσιμη ανάπτυξη : |b ζητήματα πολιτικής και διακυβέρνησης / |c Χαράλαμπος Πλατιάς. |
| 246 | 1 | |i Άλλες παραλλαγές του τίτλου: |a Πολιτική της Ευρωπαϊκής Ένωσης για το περιβάλλον και τη βιώσιμη ανάπτυξη | |
| 250 | |a 2η αναθ. & συμπληρωμένη έκδ. | ||
| 260 | |a Αθήνα : |b Σιδέρης, |c 2020. | ||
| 300 | |a 456 σ. : |b διαγρ., |c 21 εκ. | ||
| 504 | |a Περιλαμβάνει βιβλιογραφία. | ||
| 650 | 0 | |a Environmental policy |z European Union countries. | |
| 650 | 0 | |a Environmental law |z European Union countries. | |
| 650 | 0 | |a Sustainable development |z European Union countries. | |
| 852 | |a INST |b CHIOS |c EUDOXUS |e 20220125 |h 363.70094 ΠΛΑ |p 005200039527 |q 005200039527 |t EDX |y 0 | ||
| 920 | |a Εύδοξος |b Παραγγελία |y Χίος-ΤΔΕ |z 2022-01 | ||
| 970 | |a Σπέντζα |b Ελένη |z 25-01-2022 | ||